Le discours de la presse: actes du 2e colloque, novembre 1987 /

Guardado en:
Otros Autores: Botrel, Jean Françoise, coord.
Formato: Libro
Publicado: Rennes : Presses universitaires de Rennes 2 : P.i.l.a.r.-2, D.l,1989.
Materias:
Etiquetas: Agregar Etiqueta
Sin Etiquetas, Sea el primero en etiquetar este registro!
LEADER 00720nam a22002055a 4500
001 EHU.bham043308
003 AR-BHAM
005 20150619114714.0
008 130507b######################000#0#####d
020 |a 2868470289 
082 0 7 |a 070.43 
245 0 0 |a Le discours de la presse: actes du 2e colloque, novembre 1987 /  |c  Coord. Por Jean François Botrel 
260 |a Rennes :  |b Presses universitaires de Rennes 2 :  |b P.i.l.a.r.-2, D.l,1989. 
300 |a 274 p. 
500 |a Ejemplar fotocopiado 
653 |a Coloquios-prensa y periodismo 
653 |a Discurso-periodismo-análisis del 
653 |a Periodismo 
700 1 |a Botrel, Jean Françoise, coord. 
859 |a AR-BHAM  |b BIB. HUMANIDADES - General  |h 070.43  |i D631  |p 444.09  |t Ej.1